<?xml version="1.0" encoding="UTF-8"?>
<marc:record xmlns:marc="http://www.loc.gov/MARC21/slim">
   <marc:leader>00000nam a2200000 a 4500</marc:leader>
   <marc:datafield ind1="1" ind2=" " tag="100">
      <marc:subfield code="a">Matschnig, Monika</marc:subfield>
      <marc:subfield code="4">aut</marc:subfield>
      <marc:subfield code="e">Verfasser/-in</marc:subfield>
   </marc:datafield>
   <marc:datafield ind1=" " ind2=" " tag="653">
      <marc:subfield code="a">Körpersprache</marc:subfield>
   </marc:datafield>
   <marc:datafield ind1=" " ind2=" " tag="653">
      <marc:subfield code="a">Körpersprache buch Körpersprache lesen Körpersprache im beruf Körpersprache der liebe Menschen lesen</marc:subfield>
   </marc:datafield>
   <marc:datafield ind1=" " ind2=" " tag="653">
      <marc:subfield code="a">flirt tipps menschenkenntnis monika matschnig gesichter lesen körpersprache lügen körpersprache lernen</marc:subfield>
   </marc:datafield>
   <marc:datafield ind1=" " ind2=" " tag="653">
      <marc:subfield code="a">kommunikation körpersprache mimik körpersprache deuten gesprächsführung kommunikationstraining lügen erkennen</marc:subfield>
   </marc:datafield>
   <marc:datafield ind1=" " ind2=" " tag="653">
      <marc:subfield code="a">körpersprache augen körpersprache zuneigung körpersprache mann deuten körpersprache flirten</marc:subfield>
   </marc:datafield>
   <marc:datafield ind1=" " ind2=" " tag="653">
      <marc:subfield code="a">Softcover / Ratgeber/Lebenshilfe</marc:subfield>
   </marc:datafield>
   <marc:datafield ind1=" " ind2=" " tag="653">
      <marc:subfield code="a">Alltag/Lebensführung</marc:subfield>
   </marc:datafield>
   <marc:datafield ind1=" " ind2=" " tag="653">
      <marc:subfield code="a">Persönliche Entwicklung</marc:subfield>
   </marc:datafield>
   <marc:datafield ind1=" " ind2=" " tag="653">
      <marc:subfield code="a">Ratgeber</marc:subfield>
   </marc:datafield>
   <marc:datafield ind1="0" ind2="0" tag="245">
      <marc:subfield code="a">Körpersprache</marc:subfield>
   </marc:datafield>
   <marc:datafield ind1="0" ind2="0" tag="245">
      <marc:subfield code="b">Gestik, Mimik &amp; Haltung: sicher auftreten, Menschen gewinnen</marc:subfield>
   </marc:datafield>
   <marc:datafield ind1="0" ind2="0" tag="245">
      <marc:subfield code="c">Monika Matschnig</marc:subfield>
   </marc:datafield>
   <marc:datafield ind1=" " ind2="1" tag="264">
      <marc:subfield code="a">München</marc:subfield>
      <marc:subfield code="b">Gräfe und Unzer</marc:subfield>
      <marc:subfield code="c">2016</marc:subfield>
   </marc:datafield>
   <marc:datafield ind1=" " ind2=" " tag="250">
      <marc:subfield code="a">Aktualisierte Neuausgabe, 1. Auflage</marc:subfield>
   </marc:datafield>
   <marc:datafield ind1="1" ind2=" " tag="520">
      <marc:subfield code="a">Angaben aus der Verlagsmeldung

Körpersprache : Gestik, Mimik &amp; Haltung: Sicher auftreten, Menschen gewinnen / von Monika Matschnig

Was immer Sie sagen oder nicht sagen - Ihr Körper lügt nicht. Durch Gestik, Mimik, Haltung und Bewegungen verraten Sie Ihre wahren Gedanken und Gefühle, präsentieren sich souverän oder unsicher. Die Expertin und Top-Coach Monika Matschnig zeigt in ihrem Erfolgstitel Körpersprache die wichtigsten verräterischen Gesten in Wort und Bild. So können Sie entschlüsseln, woran Sie bei Ihrem Gesprächspartner sind. Vor allem aber erfahren Sie, wie Sie sich selbst von Ihrer besten Seite zeigen: Gewinnen Sie Sympathie auf den ersten Blick, punkten Sie beim Flirten, setzen Sie in ihrer Partnerschaft kleine Gesten mit großer Wirkung, treten Sie im Job souverän und überzeugend auf. Die richtige Geste im richtigen Moment wirkt oft wahre Wunder: Setzen Sie Ihre Körpersprache im Alltag gezielt ein und staunen Sie über die Wirkung!
</marc:subfield>
   </marc:datafield>
   <marc:datafield ind1=" " ind2=" " tag="020">
      <marc:subfield code="a">9783833844768</marc:subfield>
      <marc:subfield code="9">9783833844768</marc:subfield>
   </marc:datafield>
   <marc:datafield ind1=" " ind2=" " tag="020">
      <marc:subfield code="a">3833844760</marc:subfield>
      <marc:subfield code="9">3833844760</marc:subfield>
   </marc:datafield>
   <marc:datafield ind1=" " ind2=" " tag="300">
      <marc:subfield code="a">143 Seiten</marc:subfield>
   </marc:datafield>
</marc:record>
